The new encyclopedia britanica (Record no. 3456)
[ view plain ]
| 000 -LEADER | |
|---|---|
| fixed length control field | 00478nam a22001817a 4500 |
| 003 - CONTROL NUMBER IDENTIFIER | |
| control field | URS |
| 005 - DATE AND TIME OF LATEST TRANSACTION | |
| control field | 20220114142516.0 |
| 008 - FIXED-LENGTH DATA ELEMENTS--GENERAL INFORMATION | |
| fixed length control field | 191014s2002 |||| |||| 00| 0 eng d |
| 020 ## - INTERNATIONAL STANDARD BOOK NUMBER | |
| International Standard Book Number | 0852296053 |
| 040 ## - CATALOGING SOURCE | |
| Transcribing agency | 0 |
| 050 ## - LIBRARY OF CONGRESS CALL NUMBER | |
| Classification number | AE 5 |
| Item number | .E5636 2002 |
| 245 04 - TITLE STATEMENT | |
| Title | The new encyclopedia britanica |
| 260 ## - PUBLICATION, DISTRIBUTION, ETC. | |
| Place of publication, distribution, etc. | U.S.A. |
| Date of publication, distribution, etc. | [2002] |
| 300 ## - PHYSICAL DESCRIPTION | |
| Extent | 32v: |
| Other physical details | with Illustration |
| Dimensions | 29 cm. |
| 504 ## - BIBLIOGRAPHY, ETC. NOTE | |
| Bibliography, etc. note | Includes bibliographical reference |
| 650 ## - SUBJECT ADDED ENTRY--TOPICAL TERM | |
| Topical term or geographic name entry element | Encyclopedia and Dictionaries |
| 942 ## - ADDED ENTRY ELEMENTS (KOHA) | |
| Source of classification or shelving scheme | Library of Congress Classification |
| Koha item type | Reference |
| Withdrawn status | Source of classification or shelving scheme | Damaged status | Not for loan | Collection code | Home library | Current library | Shelving location | Date acquired | Total Checkouts | Full call number | Barcode | Date last seen | Price effective from | Koha item type |
|---|---|---|---|---|---|---|---|---|---|---|---|---|---|---|
| Library of Congress Classification | Non-fiction | Cainta College Library | Cainta College Library | On Display | 01/29/2018 | AE5.E5636 2002 | URSCAI-1297 | 01/29/2018 | 01/29/2018 | Reference | ||||
| Library of Congress Classification | Non-fiction | Cainta College Library | Cainta College Library | On Display | 01/29/2018 | AE5.E5636 2002 | URSCAI-1298 | 01/29/2018 | 01/29/2018 | Reference | ||||
| Library of Congress Classification | Non-fiction | Cainta College Library | Cainta College Library | On Display | 01/29/2018 | AE5.E5636 2002 | URSCAI-1299 | 01/29/2018 | 01/29/2018 | Reference | ||||
| Library of Congress Classification | Non-fiction | Cainta College Library | Cainta College Library | On Display | 01/29/2018 | AE5.E5636 2002 | URSCAI-1300 | 01/29/2018 | 01/29/2018 | Reference | ||||
| Library of Congress Classification | Non-fiction | Cainta College Library | Cainta College Library | On Display | 01/29/2018 | AE5.E5636 2002 | URSCAI-1301 | 01/29/2018 | 01/29/2018 | Reference | ||||
| Library of Congress Classification | Non-fiction | Cainta College Library | Cainta College Library | On Display | 01/29/2018 | AE5.E5636 2002 | URSCAI-1302 | 01/29/2018 | 01/29/2018 | Reference | ||||
| Library of Congress Classification | Non-fiction | Cainta College Library | Cainta College Library | On Display | 01/29/2018 | AE5.E5636 2002 | URSCAI-1303 | 01/29/2018 | 01/29/2018 | Reference | ||||
| Library of Congress Classification | Non-fiction | Cainta College Library | Cainta College Library | On Display | 01/29/2018 | AE5.E5636 2002 | URSCAI-1304 | 01/29/2018 | 01/29/2018 | Reference | ||||
| Library of Congress Classification | Non-fiction | Cainta College Library | Cainta College Library | On Display | 01/29/2018 | AE5.E5636 2002 | URSCAI-1305 | 01/29/2018 | 01/29/2018 | Reference | ||||
| Library of Congress Classification | Non-fiction | Cainta College Library | Cainta College Library | On Display | 01/29/2018 | AE5.E5636 2002 | URSCAI-1306 | 01/29/2018 | 01/29/2018 | Reference | ||||
| Library of Congress Classification | Non-fiction | Cainta College Library | Cainta College Library | On Display | 01/29/2018 | AE5.E5636 2002 | URSCAI-1307 | 01/29/2018 | 01/29/2018 | Reference | ||||
| Library of Congress Classification | Non-fiction | Cainta College Library | Cainta College Library | On Display | 01/29/2018 | AE5.E5636 2002 | URSCAI-1308 | 01/29/2018 | 01/29/2018 | Reference | ||||
| Library of Congress Classification | Non-fiction | Cainta College Library | Cainta College Library | On Display | 01/29/2018 | AE5.E5636 2002 | URSCAI-1309 | 01/29/2018 | 01/29/2018 | Reference | ||||
| Library of Congress Classification | Non-fiction | Cainta College Library | Cainta College Library | On Display | 01/29/2018 | AE5.E5636 2002 | URSCAI-1310 | 01/29/2018 | 01/29/2018 | Reference | ||||
| Library of Congress Classification | Non-fiction | Cainta College Library | Cainta College Library | On Display | 01/29/2018 | AE5.E5636 2002 | URSCAI-1311 | 01/29/2018 | 01/29/2018 | Reference | ||||
| Library of Congress Classification | Non-fiction | Cainta College Library | Cainta College Library | On Display | 01/29/2018 | AE5.E5636 2002 | URSCAI-1312 | 01/29/2018 | 01/29/2018 | Reference | ||||
| Library of Congress Classification | Non-fiction | Cainta College Library | Cainta College Library | On Display | 01/29/2018 | AE5.E5636 2002 | URSCAI-1313 | 01/29/2018 | 01/29/2018 | Reference | ||||
| Library of Congress Classification | Non-fiction | Cainta College Library | Cainta College Library | On Display | 01/29/2018 | AE5.E5636 2002 | URSCAI-1314 | 01/29/2018 | 01/29/2018 | Reference | ||||
| Library of Congress Classification | Non-fiction | Cainta College Library | Cainta College Library | On Display | 01/29/2018 | AE5.E5636 2002 | URSCAI-1315 | 01/29/2018 | 01/29/2018 | Reference | ||||
| Library of Congress Classification | Non-fiction | Cainta College Library | Cainta College Library | On Display | 01/29/2018 | AE5.E5636 2002 | URSCAI-1316 | 01/29/2018 | 01/29/2018 | Reference | ||||
| Library of Congress Classification | Non-fiction | Cainta College Library | Cainta College Library | On Display | 01/29/2018 | AE5.E5636 2002 | URSCAI-1317 | 01/29/2018 | 01/29/2018 | Reference | ||||
| Library of Congress Classification | Non-fiction | Cainta College Library | Cainta College Library | On Display | 01/29/2018 | AE5.E5636 2002 | URSCAI-1318 | 01/29/2018 | 01/29/2018 | Reference | ||||
| Library of Congress Classification | Non-fiction | Cainta College Library | Cainta College Library | On Display | 01/29/2018 | AE5.E5636 2002 | URSCAI-1319 | 01/29/2018 | 01/29/2018 | Reference | ||||
| Library of Congress Classification | Non-fiction | Cainta College Library | Cainta College Library | On Display | 01/29/2018 | AE5.E5636 2002 | URSCAI-1320 | 01/29/2018 | 01/29/2018 | Reference | ||||
| Library of Congress Classification | Non-fiction | Cainta College Library | Cainta College Library | On Display | 01/29/2018 | AE5.E5636 2002 | URSCAI-1321 | 01/29/2018 | 01/29/2018 | Reference | ||||
| Dewey Decimal Classification | Non-fiction | Cainta College Library | Cainta College Library | On Display | 01/29/2018 | AE5.E5636 2002 | URSCAI-1322 | 01/29/2018 | 01/29/2018 | Reference | ||||
| Library of Congress Classification | Non-fiction | Cainta College Library | Cainta College Library | On Display | 01/29/2018 | AE5.E5636 2002 | URSCAI-1323 | 01/29/2018 | 01/29/2018 | Reference | ||||
| Library of Congress Classification | Non-fiction | Cainta College Library | Cainta College Library | On Display | 01/29/2018 | AE5.E5636 2002 | URSCAI-1324 | 01/29/2018 | 01/29/2018 | Reference | ||||
| Library of Congress Classification | Non-fiction | Cainta College Library | Cainta College Library | On Display | 01/29/2018 | AE5.E5636 2002 | URSCAI-1325 | 01/29/2018 | 01/29/2018 | Reference | ||||
| Library of Congress Classification | Non-fiction | Cainta College Library | Cainta College Library | On Display | 02/05/2018 | AE5.E5636 2002 | URSCAI-1326 | 02/05/2018 | 02/05/2018 | Reference | ||||
| Library of Congress Classification | Non-fiction | Cainta College Library | Cainta College Library | On Display | 02/05/2018 | AE5.E5636 2002 | URSCAI-1327 | 02/05/2018 | 02/05/2018 | Reference | ||||
| Library of Congress Classification | Non-fiction | Cainta College Library | Cainta College Library | On Display | 02/05/2018 | AE5.E5636 2002 | URSCAI-1328 | 02/05/2018 | 02/05/2018 | Reference |